000 00729nam a2200217Ii 4500
003 JO-AjNU
008 230605s9999||||xx |||||||||||||| ||und||
017 _a2001/4626
020 _a977-287-181-5
040 _aJO-AjNU
_bara
_erda
_cJO-AjNU
041 _aara
050 1 4 _aTK4660.M63 2001
100 3 _aحسين، محمد عبد المجيد,
_eauthor
_935064
245 0 0 _aتكنولوجيا اللحام الكهربائي
264 3 1 _aالقاهرة:دار الكتب العلمية، 2001
300 _a234ص
_bصور توضيحية +ملحقات
336 _atext
_btxt
_2rdacontent
337 _aunmediated
_bn
_2rdamedia
338 _avolume
_bnc
_2rdacarrier
650 4 _aاللحام الكهربائي
_935065
999 _aA14439
_c18007
_d18007